| 000 | 00629nam a2200205 i 4500 | ||
|---|---|---|---|
| 001 | 87327 | ||
| 003 | ES-MaACL | ||
| 005 | 20230906175640.0 | ||
| 007 | t| | ||
| 008 | 041221s1982 sp ||||1| spa d | ||
| 100 | 1 |
_aKraus, Karl. _968753 |
|
| 245 | 1 | 0 |
_aContra los periodistas y otros contras / _cKarl Kraus ; prólogo y versión de Jesús Aguirre. |
| 260 |
_a[Madrid] : _bTaurus, _c[1982] |
||
| 300 |
_a153 p. ; _c21 cm. |
||
| 490 | 1 |
_aEnsayistas ; _v210 |
|
| 700 | 1 |
_aAguirre, Jesús, _cDuque de Alba. _9125561 |
|
| 830 | 0 |
_aEnsayistas ; _v210 _9177257 |
|
| 852 |
_aES-MaACL _jL-3906 _bR.104074 |
||
| 999 |
_c87327 _d87327 |
||